| 000 | 00572nam a2200181 i 4500 | ||
|---|---|---|---|
| 001 | bg | ||
| 100 | 1 | _aFRIEDMAN, Artur D. | |
| 245 | 0 |
_aWykrywanie uszkodzeń w układach cyfrowych / _cArtur Friedman, Premachandran R. Menon ; Tłum. [z ang.] Kazimierz Bieńkowski. |
|
| 260 |
_aWarszawa : _bWydawn. Nauk.-Techn., _c1974. |
||
| 300 |
_as. 175 : _brys., tab., tabl. |
||
| 504 | _a[Zawiera bibliogr. s. 166-167]. | ||
| 700 | 1 | _aMENON, Premachandran R. | |
| 040 | _cBPK | ||
| 041 | _apol | ||
| 080 | _a681.32 | ||
| 942 | _cKS | ||
| 008 | s pl f |000 0 pol | ||
| 999 |
_c26326 _d26326 |
||
| 856 |
_uhttp://koha.tu.koszalin.pl/cgi-bin/koha/opac-detail.pl?biblionumber=26326 _yKatalog online BPK |
||